Shakespeare Quotes Quiz - Statistics

General Stats
  • This quiz has been taken 913 times
    638 since last reset
  • The average score is 21 of 30
Answer Stats
Play Line % Correct
Hamlet To be or not to be, that is the {question}
98%
Romeo & Juliet A {rose} by any other name would smell as sweet
95%
As You Like It All the world's a stage, and all the men and women mere {players}
90%
Julius Caesar Beware the Ides of {March}
90%
Othello I will wear my {heart} upon my sleeve
90%
Richard III A {horse}! A {horse}! My kingdom for a {horse}!
89%
Romeo & Juliet Parting is such sweet {sorrow}
89%
Macbeth Double, double, toil and {trouble}
88%
Hamlet Something is {rotten} in the state of Denmark
88%
Julius Caesar Friends, Romans, countrymen, give me your {ears}
87%
Julius Caesar {Et} {tu}, Brute?
84%
Richard III Now is the {winter} of our discontent
84%
Macbeth Out, damned {spot}, I say!
82%
Hamlet Though this be {madness}, yet there is method in it
81%
Macbeth Something {wicked} this way comes
79%
Henry IV A man can {die} but once
77%
Tempest We are such stuff as {dreams} are made on
76%
Henry IV He hath eaten me out of {house} {and} {home}
67%
Henry VI The first thing we do, let's kill all the {lawyers}
67%
Henry IV He will give the {devil} his due
65%
Hamlet {Brevity} is the soul of wit
59%
The Merchant of Venice If you {prick} us, do we not bleed?
57%
As You Like It For every and a {day}
53%
Hamlet In my {mind's} eye
53%
Taming of the Shrew Out of the jaws of {death}
44%
Merry Wives of Windsor Why then, the {world's} my oyster
42%
Merry Wives of Windsor As good {luck} would have it
38%
Romeo & Juliet Tempt not a {desperate} man
31%
The Merchant of Venice The devil can cite {Scripture} for his purpose
30%
Macbeth There's {daggers} in men's smiles
11%
No matching quizzes found
Score Distribution
Percent of People with Each Score
Percentile by Number Answered
Your Score History
You have not taken this quiz since the last reset